| 000 | 00833nmc a2200301 a 4500 | ||
|---|---|---|---|
| 003 | AR-BaBNM | ||
| 005 | 20251128211046.0 | ||
| 008 | 092020s2000 ||||||||||||||000 | spa|| | ||
| 020 | _a987-96575-9-4 | ||
| 040 | _cAR-BaBNM | ||
| 100 | 1 | _aD´Aquino, Marisa | |
| 245 | 1 | 0 |
_aCambios y continuidades _buna mirada a los múltiples procesos históricos contemporáneos |
| 260 |
_aBuenos Aires _bDel Signo _c2000 |
||
| 300 | 0 |
_a164 p. _btablas |
|
| 490 | 0 |
_aSituaciones _vv. 2 |
|
| 500 | 0 | _aContiene actividades de trabajo | |
| 650 | 4 | _aDEMOCRACIA | |
| 650 | 4 | _aGUERRA | |
| 650 | 4 | _aSIGLO VEINTE | |
| 650 | 4 | _aREVOLUCION | |
| 650 | 4 | _aHISTORIA POLITICA | |
| 650 | 4 | _aSIGLO DIECINUEVE | |
| 653 | _aGLOBALIZACION | ||
| 700 | 1 | _aContino, Roxana | |
| 700 | 1 |
_aGarcía, Ruth _ecolaborador |
|
| 942 | _cBK | ||
| 998 | _cmariana | ||
| 999 |
_c18048 _d18048 |
||